000 00677nam a2200289Ia 4500
005 20260324121325.0
008 008 260324s9999 xx 000 0 eng d
020 _a9780203079768
037 _aEBOOK
040 _aCRL
040 _beng
040 _cCRL
041 _2eng
041 _aeng
084 _qCRL
100 _aHarry W. Richardson; Chang Woon Nam
_91162073
245 0 _aShrinking Cities
245 2 _bA Global Perspective
260 _bTaylor and Francis
260 _c2014
365 _a
365 _b265
856 _uhttp://www.taylorfrancis.com/books/9780203079768
942 _cEBOOK
999 _c1754098
_d1754098